000
00223nam a22000857a 4500
999
_c
11068
_d
11068
008
180821b ||||| |||| 00| 0 eng d
100
_a
Hope Anthony
_9
6847
245
_a
The Prisoner of Zenda
260
_a
New Delhi
_b
Campfire
_c
2016